| 000 -LEADER | |
|---|---|
| fixed length control field | 00418nam a22001697a 4500 |
| 005 - DATE AND TIME OF LATEST TRANSACTION | |
| control field | 20231103143113.0 |
| 008 - FIXED-LENGTH DATA ELEMENTS--GENERAL INFORMATION | |
| fixed length control field | 231103b |||||||| |||| 00| 0 eng d |
| 020 ## - INTERNATIONAL STANDARD BOOK NUMBER | |
| ISBN | 978-93-91334-09-3 |
| 041 ## - LANGUAGE CODE | |
| Language code of text/sound track or separate title | eng |
| 082 ## - DEWEY DECIMAL CLASSIFICATION NUMBER | |
| Classification number | 613 |
| 100 ## - MAIN ENTRY--AUTHOR NAME | |
| Personal name | AZIZ, IRFAN AND AKHILESH, PRATAP |
| 245 ## - TITLE STATEMENT | |
| Title | TEXTBOOK OF SOCIAL PHARMACY |
| 260 ## - PUBLICATION, DISTRIBUTION, ETC. (IMPRINT) | |
| Place of publication | AGRA |
| Name of publisher | R.NARAIN P.D PVT LTD |
| 300 ## - PHYSICAL DESCRIPTION | |
| Number of Pages | 168;p |
| 650 ## - SUBJECT ADDED ENTRY--TOPICAL TERM | |
| Topical Term | PHARMACY |
| 942 ## - ADDED ENTRY ELEMENTS (KOHA) | |
| Koha item type | Books |
| Lost status | Damaged status | Collection code | Home library | Current library | Shelving location | Date acquired | Source of acquisition | Cost, normal purchase price | Full call number | Accession Number | Koha item type |
|---|---|---|---|---|---|---|---|---|---|---|---|
| Reference | JRU Library | JRU Library | SHELF 9 - E | 03/11/2023 | PURCHASE [LBI000224/29-10-2023] | 250.00 | 613 | 28089 | Books | ||
| PHARMACY | JRU Library | JRU Library | SHELF - 19 - I | 03/11/2023 | PURCHASE [LBI000224/29-10-2023] | 250.00 | 613 | 28090 | Books | ||
| PHARMACY | JRU Library | JRU Library | SHELF - 19 - I | 03/11/2023 | PURCHASE [LBI000224/29-10-2023] | 250.00 | 613 | 28091 | Books |